| 000 | 00710njm a2200265 c 4500 | ||
|---|---|---|---|
| 003 | BLK | ||
| 005 | 20180421002446.0 | ||
| 008 | 180410b bul||n||s|||||||| n|bulo| | ||
| 010 | _aCDD00003751000 | ||
| 040 | _aBLK | ||
| 041 |
_aBUL _cENG |
||
| 700 | 1 |
_aPresley, Elvis _eизп. _921688 |
|
| 139 |
_aPresley, Elvis _bP 91 |
||
| 245 | 1 | 0 |
_aElvis by the Presleys [аудио CD] _bCD 1 - 2 _cизп. Elvis Presley. _nCD 2 |
| 257 | _aBGR | ||
| 260 |
_аS. l. _c2005 |
||
| 380 | _a7 | ||
| 590 | _aS.N: 93097 от КНИГИ | ||
| 760 | 1 |
_d2005 _tCD 2 |
|
| 852 |
_aЦб CD 2375 _p0 |
||
| 856 | 4 |
_qpdf _u |
|
| 856 | 4 |
_qpdf _u |
|
| 942 |
_cCDD _n0 |
||
| 944 |
_aCR _c15.12.2009 _kВаля_Йорданова |
||
| 944 |
_aED _c16.12.2009 _k |
||
| 999 |
_c221250 _d221250 |
||